000 01000 a2200217 4500
001 29485
005 20260407155605.0
008 260407a1976 arg spa d
003 AR-UNSa-BCEJYS
040 _aAR-UNSa-BCEJYS
_bspa
_cAR-UNSa-BCEJYS
080 _a657.36
_xBalances de comprobación (balance estimativo). Balances de saldo. Balance intermedio
245 1 0 _aIndexación de esados contables
264 1 _aBuenos Aires :
_bEdiciones Macchi
_c1976
300 _a471 p.
_c21 cm.
505 _a1. ¿A qué se tiende en contabilidad? - 2. ¿Qué problemas origina la inflación en la información contable? - 3. ¿Qué soluciones ha proporcionado la doctrina? - 4. ¿Cómo se fundamenta y en qué consiste la indexación de estados contables? - 5. ¿Qué otros aspectos se vinculan con la indexación de estados contables?
942 _cBK
590 _aniveau_biblio:m niveau_hierar:0
100 1 _aLuppi, Hugo Alberto
700 1 _aLópez Santiso, Horacio
700 1 _aPanagi, Luis Andres
999 _c1886
_d1886